000 00786nam a2200229 i 4500
001 66628
003 ES-MaACL
005 20230906165737.0
007 t|
008 020711s2002 sp ||||0| spa d
020 _a84-89455-58-9
040 _aM-BN
_bspa
_cM-BN
080 _a821.134.2-92"19"
100 1 _aGonzález-Ruano, César,
_d1903-1965
_958936
245 1 0 _aObra periodística
_b: (1925-1936) /
_cCésar González-Ruano ; edición de Miguel Pardeza Pichardo.
260 _a[Madrid] :
_bFundación Cultural Mapfre Vida,
_c[2002]
300 _a802 p. ;
_c25 cm.
600 1 4 _aGonzález-Ruano, César,
_d1903-1965-
_vArtículos periodísticos
_958938
700 1 _aPardeza Pichardo, Miguel.
_988949
852 _aES-MaACL
_jL-27136
_bR.132757
999 _c66628
_d66628